000 00567nam a2200205Ia 4500
005 20250326145615.0
008 250326s9999 xx 000 0 und d
037 _aTextbook
040 _aFMSL
_beng
_cFMSL
041 _aeng
_2eng
084 _aSN1obx:8 Q6
_qFMSL
100 _aCross C
_9107529
245 0 _aOrganisation behaviour
_cCross C; Carbery R
260 _aUnited Kingdom
_bUnited Kingdom, Palgrave
_c2016
300 _a366p
365 _aEURO
_b54.99
650 _aManagement
942 _cTB
_hSN1obx:8 Q6
999 _c1308159
_d1308159